00354nam a2200157Ia 4500003000400000005001700004008004000021040000700061041001200068082001700080100002100097245003700118250000600155260002700161300000800188OSt20220920154614.0210210b1969 xxu||||| |||| 00| 0 eng d cAL aEnglish a512.523 HALF aHALMOS (Paul R). aFinite-dimensional vector spaces a2 aNYbVan Nostrandc1969 a199